| 000 | 00941nam a2200217Ia 4500 | ||
|---|---|---|---|
| 003 | Ost | ||
| 005 | 20260507075047.0 | ||
| 008 | 260507s9999||||xx |||||||||||||| ||und|| | ||
| 040 | _cfsecg | ||
| 041 | _aara | ||
| 082 | _a300 | ||
| 100 |
_aماتيسون، مايكل تي _eمؤلف |
||
| 245 | 0 |
_aكلاسيكيات الإدارة والسلوك التنظيمي / _c مايكل تي ماتيسون |
|
| 260 |
_aعمان: _bالأهلية للنشر والتوزيع, _c1999 |
||
| 300 |
_a594 صفحة؛ _bإيضاحات ؛ _c24 سم |
||
| 520 | _aأسس فهم الإدارة والسلوك التنظيمي-عمليات الإدارة الكلاسيكية-إدارة السلوك الفردي-إدارة سلوك الجماعة-إدارة السلوك التنظيمي | ||
| 653 | _aالإدارة | ||
| 653 | _aالسلوك الإداري | ||
| 700 |
_aإم إيفانسيتش، جون _eمؤلف ثانوي |
||
| 942 | _cكتاب | ||
| 999 |
_c42594 _d42594 |
||